Missouri Counties by Population - Statistics

General Stats
  • This quiz has been taken 41 times
  • The average score is 16 of 114
Answer Stats
Population County % Correct
1,004,125 St. Louis
95%
717,204 Jackson
90%
405,262 St. Charles
85%
298,915 Greene
65%
183,610 Boone
60%
253,335 Clay
60%
226,739 Jefferson
60%
122,761 Jasper
55%
81,710 Cape Girardeau
50%
77,279 Cole
50%
84,793 Buchanan
45%
104,682 Franklin
40%
106,718 Platte
40%
107,824 Cass
35%
88,842 Christian
30%
58,648 Newton
25%
1,973 Worth
25%
59,574 Lincoln
20%
66,922 St. Francois
20%
44,283 Callaway
15%
21,946 Henry
15%
54,013 Johnson
15%
23,303 McDonald
15%
31,519 Polk
15%
56,066 Taney
15%
34,534 Barry
10%
42,745 Camden
10%
23,056 Crawford
10%
17,071 Dallas
10%
6,162 Gentry
10%
3,744 Knox
10%
36,039 Laclede
10%
38,001 Lawrence
10%
12,626 Madison
10%
28,525 Marion
10%
11,322 Montgomery
10%
21,006 Morgan
10%
8,635 Oregon
10%
42,980 Pettis
10%
44,638 Phelps
10%
53,955 Pulaski
10%
23,158 Ray
10%
4,032 Schuyler
10%
18,479 Ste. Genevieve
10%
28,672 Stoddard
10%
31,076 Stone
10%
24,487 Texas
10%
19,707 Vernon
10%
35,532 Warren
10%
23,514 Washington
10%
10,974 Wayne
10%
39,085 Webster
10%
25,314 Adair
5%
18,135 Andrew
5%
5,305 Atchison
5%
24,962 Audrain
5%
11,637 Barton
5%
16,042 Bates
5%
19,394 Benton
5%
10,567 Bollinger
5%
42,130 Butler
5%
8,815 Caldwell
5%
8,495 Carroll
5%
5,202 Carter
5%
14,188 Cedar
5%
7,408 Chariton
5%
6,634 Clark
5%
21,184 Clinton
5%
17,103 Cooper
5%
7,569 Dade
5%
8,430 Daviess
5%
11,029 DeKalb
5%
14,421 Dent
5%
11,578 Douglas
5%
28,283 Dunklin
5%
14,794 Gasconade
5%
9,808 Grundy
5%
8,157 Harrison
5%
8,279 Hickory
5%
4,223 Holt
5%
10,151 Howard
5%
39,750 Howell
5%
9,537 Iron
5%
32,984 Lafayette
5%
10,032 Lewis
5%
11,874 Linn
5%
14,557 Livingston
5%
15,209 Macon
5%
8,432 Maries
5%
3,538 Mercer
5%
24,722 Miller
5%
12,577 Mississippi
5%
15,473 Moniteau
5%
8,666 Monroe
5%
16,434 New Madrid
5%
21,241 Nodaway
5%
13,274 Osage
5%
8,553 Ozark
5%
15,661 Pemiscot
5%
18,956 Perry
5%
17,587 Pike
5%
4,681 Putnam
5%
10,355 Ralls
5%
24,716 Randolph
5%
6,096 Reynolds
5%
10,679 Ripley
5%
23,333 Saline
5%
4,716 Scotland
5%
38,059 Scott
5%
7,031 Shannon
5%
6,103 Shelby
5%
9,284 St. Clair
5%
5,999 Sullivan
5%
18,188 Wright
5%
No matching quizzes found
Score Distribution
Percent of People with Each Score
Percentile by Number Answered
Your Score History
You have not taken this quiz